Statistics for #1 Hits i Norge i Løp av 1970-tallet Quiz

Click here to take the quiz!

General Stats

  • This quiz has been taken 19 times
  • The average score is 13 of 59

Answer Stats

#Artist/Band% Correct
2ABBA
94%
1The Beatles
83%
1Olivia Newton-John og John Travolta
72%
1Jahn Teigen
67%
1Frank Zappa
56%
3Boney M
50%
1Lillebjørn Nilsen
50%
1Bonnie Tyler
44%
1Nazareth
44%
1Smokie
44%
3Baccara
39%
1George Harrison
39%
1Rod Stewart
39%
2Terry Jacks
39%
1The Rolling Stones
39%
1Wenche Myhre
39%
1Bee Gees
33%
1Inger Lise Rypdal
33%
1Geir Børresen
28%
1Harpo
28%
1Brotherhood of Man
22%
1Creedence Clearwater Revival
22%
1Mungo Jerry
22%
1The Archies
22%
1Anita Ward
17%
1Frijid Pink
17%
1Hans Petter Hansen
17%
1Hot Butter
17%
1Lynn Anderson
17%
1Pussycat
17%
2Cliff Richard
11%
1Daniel Boone
11%
1Gali Atari og Milk and Honey
11%
1George Baker Selection
11%
2Gilbert O'Sullivan
11%
1Patrick Hernandez
11%
1Roger Whittaker
11%
2Stein Ingebrigtsen
11%
1Teach-In
11%
1Tony Orlando and Dawn
11%
1Albert Hammond
6%
1Billy Swan
6%
1B. J. Thomas
6%
1Frankie Miller
6%
3Middle of the Road
6%
1Slade
6%
1Stevie Wonder
6%
1The Manhattan Transfer
6%
1Anita Hegerland
0%
1Ann-Louise Hanson
0%
1Christie
0%
1George McCrae
0%
1Gro Anita Schønn
0%
1Neil Diamond
0%
1Ocean
0%
1Pop Tops
0%
1Suzi Quatro
0%
1The Beach Boys
0%
1The New Seekers
0%

Score Distribution

Percentile by Number Answered

Percent of People with Each Score

Your Score History

You have not taken this quiz